[Event "DEM U12 2017"]
[Site "Willingen GER"]
[Date "2017.06.06"]
[Round "5"]
[White "Kühn, Antoni"]
[Black "Tran, Minh Dat"]
[Result "0-1"]
[Termination "normal"]
[Board "28"]
[WhiteElo "940"]
[BlackElo "1403"]
[PlyCount "64"]
[WhiteFideId "16244710"]
[BlackFideId "16244702"]
[EventCountry "GER"]
[EventRounds "11"]
[EventType "swiss"]
[EventDate "2017.06.03"]

1. e4 e5 2. Nf3 Nc6 3. Nc3 Nf6 4. Bc4 Bc5 5. O-O d6 6. h3 O-O 7. d3 Na5 8. Na4
Nxc4 9. Nxc5 Nb6 10. Nb3 h6 11. Be3 Be6 12. Nbd2 Nfd7 13. Nb3 f5 14. Re1 f4 15.
Bd2 Na4 16. Qc1 Nab6 17. d4 g5 18. d5 Bf7 19. g4 fxg3 20. fxg3 Bxd5 21. Nh2 Be6
22. g4 Qf6 23. Rf1 Qg6 24. Qe1 Rxf1+ 25. Nxf1 Bxb3 26. axb3 Nc5 27. Ng3 Ne6 28.
Nf5 Qf6 29. Be3 a6 30. Qf2 Nd7 31. h4 Nf4 32. Qg3 Ne2+ 0-1

[Event "DEM U12 2017"]
[Site "Willingen GER"]
[Date "2017.06.07"]
[Round "7"]
[White "Pubantz, Jan"]
[Black "Arakelian, Aik"]
[Result "1-0"]
[Termination "normal"]
[Board "1"]
[WhiteElo "1999"]
[BlackElo "1737"]
[WhiteClock "00:12:38"]
[BlackClock "00:52:21"]
[PlyCount "61"]
[WhiteFideId "12996114"]
[BlackFideId "16220340"]
[EventCountry "GER"]
[EventRounds "11"]
[EventType "swiss"]
[EventDate "2017.06.03"]

1. Nf3 {[%clk 1:15:57]} 1... Nf6 {[%clk 1:15:54]} 2. c4 {[%clk 1:16:21]} 2...
e6 {[%clk 1:15:48]} 3. g3 {[%clk 1:11:43]} 3... d5 {[%clk 1:13:47]} 4. d4 {
[%clk 1:11:02]} 4... Be7 {[%clk 1:10:16]} 5. Bg2 {[%clk 1:11:23]} 5... c6 {
[%clk 1:10:07]} 6. O-O {[%clk 1:11:35]} 6... O-O {[%clk 1:10:07]} 7. Qc2 {
[%clk 1:11:09]} 7... a5 {[%clk 1:10:00]} 8. Nbd2 {[%clk 1:10:03]} 8... Na6 {
[%clk 1:10:04]} 9. a3 {[%clk 1:08:40]} 9... Bd7 {[%clk 1:05:49]} 10. Ne5 {
[%clk 1:01:15]} 10... Rc8 {[%clk 1:04:40]} 11. c5 {[%clk 0:55:00]} 11... b6 {
[%clk 1:03:59]} 12. b4 {[%clk 0:55:00]} 12... axb4 {[%clk 1:03:53]} 13. axb4 {
[%clk 0:55:18]} 13... Nxb4 {[%clk 1:03:59]} 14. Qc3 {[%clk 0:54:45]} 14... bxc5
{[%clk 1:01:02]} 15. dxc5 {[%clk 0:54:53]} 15... Qc7 {[%clk 1:00:39]} 16. Nxd7
{[%clk 0:53:00]} 16... Nxd7 {[%clk 1:00:26]} 17. Qxb4 {[%clk 0:52:15]} 17...
Bxc5 {[%clk 0:59:38]} 18. Qc3 {[%clk 0:47:54]} 18... Bd6 {[%clk 0:59:05]} 19.
Bb2 {[%clk 0:45:48]} 19... f6 {[%clk 0:58:31]} 20. e4 {[%clk 0:41:21]} 20...
Qb7 {[%clk 0:57:12]} 21. Rab1 {[%clk 0:40:50]} 21... Qa6 {[%clk 0:54:01]} 22.
Bh3 {[%clk 0:29:39]} 22... Rfe8 {[%clk 0:53:34]} 23. Rfe1 {[%clk 0:26:27]}
23... Ne5 {[%clk 0:52:40]} 24. Bf1 {[%clk 0:25:28]} 24... Qa7 {[%clk 0:52:34]}
25. Ra1 {[%clk 0:17:34]} 25... Qb8 {[%clk 0:52:53]} 26. Ba3 {[%clk 0:17:21]}
26... c5 {[%clk 0:51:51]} 27. exd5 {[%clk 0:14:32]} 27... exd5 {[%clk 0:51:51]}
28. Bg2 {[%clk 0:14:48]} 28... d4 {[%clk 0:51:44]} 29. Qb3+ {[%clk 0:14:41]}
29... c4 {[%clk 0:52:03]} 30. Qxb8 {[%clk 0:14:18]} 30... Bxb8 {[%clk 0:52:21]}
31. Nxc4 {[%clk 0:12:38]} 1-0

[Event "DEM U12 2017"]
[Site "Willingen GER"]
[Date "2017.06.07"]
[Round "7"]
[White "Krastev, Alexander"]
[Black "Bui, Bao Anh Le"]
[Result "1/2-1/2"]
[Termination "normal"]
[Board "2"]
[WhiteElo "2180"]
[BlackElo "1748"]
[WhiteClock "00:02:04"]
[BlackClock "00:15:08"]
[PlyCount "82"]
[WhiteFideId "12989983"]
[BlackFideId "12970719"]
[EventCountry "GER"]
[EventRounds "11"]
[EventType "swiss"]
[EventDate "2017.06.03"]

1. e4 {[%clk 1:15:56]} 1... c5 {[%clk 1:15:55]} 2. Nf3 {[%clk 1:16:16]} 2... d6
{[%clk 1:16:20]} 3. Bb5+ {[%clk 1:16:31]} 3... Bd7 {[%clk 1:16:30]} 4. c4 {
[%clk 1:16:51]} 4... e5 {[%clk 1:04:42]} 5. Nc3 {[%clk 1:17:13]} 5... g6 {
[%clk 1:02:48]} 6. Bxd7+ {[%clk 1:15:34]} 6... Qxd7 {[%clk 1:02:47]} 7. d3 {
[%clk 1:15:58]} 7... Bg7 {[%clk 1:03:03]} 8. O-O {[%clk 1:16:16]} 8... Ne7 {
[%clk 1:02:31]} 9. a3 {[%clk 1:15:38]} 9... Nbc6 {[%clk 1:02:15]} 10. Nd5 {
[%clk 1:15:16]} 10... O-O {[%clk 0:58:51]} 11. b4 {[%clk 1:06:18]} 11... b6 {
[%clk 0:53:35]} 12. Qa4 {[%clk 1:01:29]} 12... Rad8 {[%clk 0:43:39]} 13. Rb1 {
[%clk 0:43:40]} 13... Nd4 {[%clk 0:31:24]} 14. Qxd7 {[%clk 0:42:03]} 14...
Nxf3+ {[%clk 0:30:29]} 15. gxf3 {[%clk 0:42:31]} 15... Rxd7 {[%clk 0:30:44]}
16. bxc5 {[%clk 0:42:46]} 16... dxc5 {[%clk 0:28:07]} 17. Bd2 {[%clk 0:38:26]}
17... f5 {[%clk 0:19:48]} 18. Kg2 {[%clk 0:36:50]} 18... f4 {[%clk 0:17:06]}
19. Rb3 {[%clk 0:34:18]} 19... g5 {[%clk 0:13:55]} 20. Rg1 {[%clk 0:31:10]}
20... Nc6 {[%clk 0:11:00]} 21. Bc3 {[%clk 0:31:09]} 21... Kf7 {[%clk 0:07:05]}
22. a4 {[%clk 0:30:11]} 22... Rc8 {[%clk 0:03:49]} 23. Rb5 {[%clk 0:29:20]}
23... h6 {[%clk 0:02:57]} 24. Rgb1 {[%clk 0:28:51]} 24... Bf6 {[%clk 0:01:57]}
25. a5 {[%clk 0:24:32]} 25... Nxa5 {[%clk 0:02:16]} 26. Bxa5 {[%clk 0:24:51]}
26... bxa5 {[%clk 0:02:41]} 27. Rxa5 {[%clk 0:24:36]} 27... Bd8 {[%clk 0:01:22]
} 28. Ra6 {[%clk 0:21:47]} 28... Kg7 {[%clk 0:01:21]} 29. Kf1 {[%clk 0:14:03]}
29... Rf7 {[%clk 0:01:04]} 30. Ke2 {[%clk 0:13:34]} 30... h5 {[%clk 0:01:02]}
31. Re6 {[%clk 0:12:53]} 31... a5 {[%clk 0:00:52]} 32. Rxe5 {[%clk 0:12:22]}
32... a4 {[%clk 0:01:04]} 33. Kd2 {[%clk 0:09:10]} 33... a3 {[%clk 0:00:43]}
34. Kc2 {[%clk 0:08:48]} 34... Ra7 {[%clk 0:00:58]} 35. Re6 {[%clk 0:07:58]}
35... a2 {[%clk 0:00:50]} 36. Ra1 {[%clk 0:08:23]} 36... Ra3 {[%clk 0:01:02]}
37. Nc3 {[%clk 0:08:09]} 37... Kf7 {[%clk 0:00:48]} 38. Nb5 {[%clk 0:05:58]}
38... Ra5 {[%clk 0:00:42]} 39. Rh6 {[%clk 0:03:22]} 39... Kg7 {[%clk 0:00:47]}
40. Re6 {[%clk 0:00:39]} 40... Kf7 {[%clk 0:00:47]} 41. Rh6 {[%clk 0:02:04]}
41... Kg7 {[%clk 0:15:08]} 1/2-1/2

[Event "DEM U12 2017"]
[Site "Willingen GER"]
[Date "2017.06.07"]
[Round "7"]
[White "Lohvinov, Petro"]
[Black "Colbow, Collin"]
[Result "1/2-1/2"]
[Termination "normal"]
[Board "3"]
[WhiteElo "1823"]
[BlackElo "1968"]
[WhiteClock "00:07:29"]
[BlackClock "00:06:13"]
[PlyCount "62"]
[WhiteFideId "14176661"]
[BlackFideId "16201132"]
[EventCountry "GER"]
[EventRounds "11"]
[EventType "swiss"]
[EventDate "2017.06.03"]

1. e4 {[%clk 1:15:56]} 1... e5 {[%clk 1:15:49]} 2. Nf3 {[%clk 1:16:20]} 2...
Nc6 {[%clk 1:16:12]} 3. d4 {[%clk 1:16:41]} 3... exd4 {[%clk 1:16:36]} 4. Nxd4
{[%clk 1:17:06]} 4... Nf6 {[%clk 1:17:01]} 5. Nxc6 {[%clk 1:17:30]} 5... bxc6 {
[%clk 1:17:26]} 6. Nd2 {[%clk 1:17:30]} 6... d5 {[%clk 1:11:54]} 7. exd5 {
[%clk 1:15:32]} 7... cxd5 {[%clk 1:11:40]} 8. Bb5+ {[%clk 1:15:28]} 8... Bd7 {
[%clk 1:11:46]} 9. Bxd7+ {[%clk 1:15:52]} 9... Qxd7 {[%clk 1:12:05]} 10. O-O {
[%clk 1:15:59]} 10... Be7 {[%clk 1:12:22]} 11. b3 {[%clk 1:16:24]} 11... O-O {
[%clk 1:12:37]} 12. Bb2 {[%clk 1:16:51]} 12... c5 {[%clk 1:11:06]} 13. Qf3 {
[%clk 1:17:06]} 13... Rfe8 {[%clk 1:05:51]} 14. Rad1 {[%clk 1:15:34]} 14...
Rad8 {[%clk 1:00:07]} 15. Rfe1 {[%clk 1:12:49]} 15... d4 {[%clk 0:55:18]} 16.
c3 {[%clk 1:04:26]} 16... Qb5 {[%clk 0:45:36]} 17. cxd4 {[%clk 1:02:01]} 17...
cxd4 {[%clk 0:45:44]} 18. Nc4 {[%clk 1:00:27]} 18... Bc5 {[%clk 0:44:05]} 19.
h3 {[%clk 0:53:10]} 19... Re6 {[%clk 0:29:00]} 20. Qf5 {[%clk 0:40:36]} 20...
Qc6 {[%clk 0:26:49]} 21. Rxe6 {[%clk 0:28:51]} 21... fxe6 {[%clk 0:27:07]} 22.
Qf4 {[%clk 0:27:20]} 22... Qd5 {[%clk 0:16:04]} 23. Rd3 {[%clk 0:21:57]} 23...
Ne4 {[%clk 0:11:39]} 24. Qe5 {[%clk 0:20:03]} 24... Qxe5 {[%clk 0:09:55]} 25.
Nxe5 {[%clk 0:20:10]} 25... Rd5 {[%clk 0:09:57]} 26. Nc4 {[%clk 0:16:13]} 26...
e5 {[%clk 0:09:38]} 27. f3 {[%clk 0:14:59]} 27... Nf6 {[%clk 0:09:07]} 28. Kf2
{[%clk 0:13:55]} 28... e4 {[%clk 0:08:40]} 29. fxe4 {[%clk 0:14:02]} 29...
Nxe4+ {[%clk 0:08:51]} 30. Ke2 {[%clk 0:11:02]} 30... Rd8 {[%clk 0:06:13]} 31.
b4 {[%clk 0:07:29]} 31... Bxb4 1/2-1/2

[Event "DEM U12 2017"]
[Site "Willingen GER"]
[Date "2017.06.07"]
[Round "7"]
[White "Lutz, Ruben"]
[Black "Hommer, Jeremy"]
[Result "1-0"]
[Termination "normal"]
[Board "4"]
[WhiteElo "1893"]
[BlackElo "1899"]
[WhiteClock "00:28:23"]
[BlackClock "00:15:57"]
[PlyCount "75"]
[WhiteFideId "12975974"]
[BlackFideId "12992577"]
[EventCountry "GER"]
[EventRounds "11"]
[EventType "swiss"]
[EventDate "2017.06.03"]

1. d4 {[%clk 1:15:55]} 1... f5 {[%clk 1:15:46]} 2. Nf3 {[%clk 1:16:13]} 2...
Nf6 {[%clk 1:16:09]} 3. Nc3 {[%clk 1:16:06]} 3... e6 {[%clk 1:16:14]} 4. Bg5 {
[%clk 1:16:24]} 4... Be7 {[%clk 1:15:28]} 5. Bxf6 {[%clk 1:16:27]} 5... Bxf6 {
[%clk 1:15:13]} 6. e4 {[%clk 1:16:50]} 6... fxe4 {[%clk 1:05:50]} 7. Nxe4 {
[%clk 1:17:13]} 7... O-O {[%clk 1:05:59]} 8. Bd3 {[%clk 1:16:58]} 8... Nc6 {
[%clk 1:03:10]} 9. c3 {[%clk 1:16:41]} 9... b6 {[%clk 1:00:03]} 10. O-O { [%clk
1:16:17]} 10... Bb7 {[%clk 0:59:53]} 11. Qe2 {[%clk 1:15:30]} 11... Be7 { [%clk
0:57:49]} 12. Ne5 {[%clk 1:13:24]} 12... Qe8 {[%clk 0:53:31]} 13. f4 { [%clk
1:11:02]} 13... d6 {[%clk 0:44:10]} 14. Nxc6 {[%clk 1:10:25]} 14... Bxc6 {[%clk
0:44:29]} 15. Nd2 {[%clk 1:08:08]} 15... Qd7 {[%clk 0:41:57]} 16. Rae1 { [%clk
1:05:32]} 16... Rf6 {[%clk 0:37:50]} 17. Bc4 {[%clk 1:02:19]} 17... d5 { [%clk
0:35:59]} 18. Bd3 {[%clk 1:02:37]} 18... Raf8 {[%clk 0:35:43]} 19. f5 { [%clk
1:00:10]} 19... Qd8 {[%clk 0:34:33]} 20. fxe6 {[%clk 0:59:50]} 20... Be8 {[%clk
0:34:34]} 21. Rxf6 {[%clk 0:57:22]} 21... Rxf6 {[%clk 0:34:43]} 22. Rf1 {[%clk
0:56:34]} 22... Bg6 {[%clk 0:33:15]} 23. Bxg6 {[%clk 0:53:00]} 23... Rxg6
{[%clk 0:33:05]} 24. Re1 {[%clk 0:48:59]} 24... c6 {[%clk 0:27:57]} 25. Nf1
{[%clk 0:46:06]} 25... Qe8 {[%clk 0:24:25]} 26. Ng3 {[%clk 0:41:54]} 26... Bh4
{[%clk 0:23:34]} 27. Qh5 {[%clk 0:38:34]} 27... Bxg3 {[%clk 0:23:24]} 28. hxg3
{[%clk 0:38:59]} 28... Qe7 {[%clk 0:22:07]} 29. Qe5 {[%clk 0:38:20]} 29... Rf6
{[%clk 0:22:13]} 30. Re3 {[%clk 0:27:52]} 30... Rf8 {[%clk 0:19:02]} 31. Rf3
{[%clk 0:26:52]} 31... Re8 {[%clk 0:16:48]} 32. Rf7 {[%clk 0:27:05]} 32... Qxf7
{[%clk 0:16:05]} 33. exf7+ {[%clk 0:27:29]} 33... Kxf7 {[%clk 0:16:32]} 34.
Qf5+ {[%clk 0:27:28]} 34... Ke7 {[%clk 0:16:15]} 35. Qxh7 {[%clk 0:27:47]}
35... Kf6 {[%clk 0:16:18]} 36. Qh4+ {[%clk 0:27:58]} 36... Kf7 {[%clk 0:16:06]}
37. Qf4+ {[%clk 0:28:16]} 37... Kg8 {[%clk 0:15:57]} 38. Qd6 {[%clk 0:28:23]}
1-0

[Event "DEM U12 2017"]
[Site "Willingen GER"]
[Date "2017.06.07"]
[Round "7"]
[White "Laux, Dominik"]
[Black "Bethke, Richard"]
[Result "1-0"]
[Termination "normal"]
[Board "5"]
[WhiteElo "1759"]
[BlackElo "2223"]
[WhiteClock "00:31:17"]
[BlackClock "01:02:03"]
[PlyCount "109"]
[WhiteFideId "12994219"]
[BlackFideId "12959243"]
[EventCountry "GER"]
[EventRounds "11"]
[EventType "swiss"]
[EventDate "2017.06.03"]

1. d4 {[%clk 1:15:59]} 1... d5 {[%clk 1:15:55]} 2. Bf4 {[%clk 1:16:23]} 2...
Nf6 {[%clk 1:16:06]} 3. e3 {[%clk 1:16:38]} 3... e6 {[%clk 1:16:21]} 4. Nf3 {
[%clk 1:16:44]} 4... Be7 {[%clk 1:16:45]} 5. Bd3 {[%clk 1:16:56]} 5... Nbd7 {
[%clk 1:16:26]} 6. Nbd2 {[%clk 1:16:17]} 6... O-O {[%clk 1:16:01]} 7. Ne5 {
[%clk 1:14:49]} 7... Nxe5 {[%clk 1:14:54]} 8. dxe5 {[%clk 1:14:42]} 8... Nd7 {
[%clk 1:15:12]} 9. h4 {[%clk 1:12:41]} 9... Nc5 {[%clk 1:14:25]} 10. Bxh7+ {
[%clk 1:09:35]} 10... Kxh7 {[%clk 1:14:48]} 11. Qh5+ {[%clk 1:10:01]} 11... Kg8
{[%clk 1:15:12]} 12. Nf3 {[%clk 1:10:22]} 12... f6 {[%clk 1:13:27]} 13. Ng5 {
[%clk 1:10:08]} 13... fxg5 {[%clk 1:12:48]} 14. hxg5 {[%clk 1:10:10]} 14... Rf5
{[%clk 1:12:28]} 15. Qh7+ {[%clk 1:09:15]} 15... Kf7 {[%clk 1:11:45]} 16. g6+ {
[%clk 1:08:15]} 16... Ke8 {[%clk 1:12:10]} 17. Qxg7 {[%clk 1:08:29]} 17... Kd7
{[%clk 1:12:19]} 18. Qh7 {[%clk 1:05:16]} 18... Rf8 {[%clk 1:11:33]} 19. Bg5 {
[%clk 1:01:42]} 19... Re8 {[%clk 1:10:34]} 20. O-O-O {[%clk 1:01:08]} 20... Kc6
{[%clk 1:09:21]} 21. Bf4 {[%clk 1:00:45]} 21... Bd7 {[%clk 1:08:50]} 22. g7 {
[%clk 0:59:40]} 22... Bg5 {[%clk 1:08:21]} 23. g4 {[%clk 0:58:55]} 23... Bxf4 {
[%clk 1:08:23]} 24. exf4 {[%clk 0:59:24]} 24... Qe7 {[%clk 1:08:39]} 25. g8=Q {
[%clk 0:59:28]} 25... Rxg8 {[%clk 1:07:31]} 26. Qxe7 {[%clk 0:59:28]} 26...
Rae8 {[%clk 1:07:48]} 27. Qh4 {[%clk 0:59:16]} 27... Ref8 {[%clk 1:07:31]} 28.
Rd4 {[%clk 0:58:31]} 28... b6 {[%clk 1:06:10]} 29. f3 {[%clk 0:57:20]} 29...
Nb7 {[%clk 1:06:02]} 30. Qe1 {[%clk 0:55:59]} 30... Na5 {[%clk 1:05:49]} 31.
Rh7 {[%clk 0:55:15]} 31... Rd8 {[%clk 1:06:05]} 32. Qd1 {[%clk 0:51:09]} 32...
Kb7 {[%clk 1:05:14]} 33. f5 {[%clk 0:50:47]} 33... Nc6 {[%clk 1:05:35]} 34.
Rxd7 {[%clk 0:46:51]} 34... Rxd7 {[%clk 1:05:52]} 35. fxe6 {[%clk 0:47:12]}
35... Rh7 {[%clk 1:05:44]} 36. Rxd5 {[%clk 0:44:44]} 36... Rgh8 {[%clk 1:04:55]
} 37. Qe2 {[%clk 0:43:14]} 37... Rh2 {[%clk 1:05:19]} 38. Qe4 {[%clk 0:43:03]}
38... a5 {[%clk 1:04:41]} 39. f4 {[%clk 0:39:51]} 39... Kb8 {[%clk 1:04:15]}
40. a3 {[%clk 0:38:12]} 40... Kc8 {[%clk 1:03:04]} 41. f5 {[%clk 0:35:03]}
41... Re8 {[%clk 1:01:55]} 42. Rd2 {[%clk 0:33:37]} 42... Rxd2 {[%clk 1:01:34]}
43. Kxd2 {[%clk 0:34:04]} 43... Kb7 {[%clk 1:01:54]} 44. g5 {[%clk 0:33:43]}
44... b5 {[%clk 1:01:06]} 45. g6 {[%clk 0:33:06]} 45... Kb6 {[%clk 1:01:12]}
46. g7 {[%clk 0:31:48]} 46... Rd8+ {[%clk 1:01:13]} 47. Ke3 {[%clk 0:31:07]}
47... b4 {[%clk 1:01:13]} 48. f6 {[%clk 0:30:30]} 48... Rd1 {[%clk 1:00:50]}
49. Qxc6+ {[%clk 0:30:02]} 49... Kxc6 {[%clk 1:01:11]} 50. g8=Q {[%clk 0:30:27]
} 50... Re1+ {[%clk 1:01:08]} 51. Kd2 {[%clk 0:30:04]} 51... Rxe5 { [%clk
1:01:10]} 52. f7 {[%clk 0:30:12]} 52... bxa3 {[%clk 1:01:27]} 53. bxa3 { [%clk
0:30:30]} 53... Rxe6 {[%clk 1:01:38]} 54. f8=Q {[%clk 0:30:52]} 54... Rd6+
{[%clk 1:02:03]} 55. Qxd6+ {[%clk 0:31:17]} 1-0

[Event "DEM U12 2017"]
[Site "Willingen GER"]
[Date "2017.06.07"]
[Round "7"]
[White "Joppich, Til"]
[Black "Musiolik, David"]
[Result "0-1"]
[Termination "normal"]
[Board "6"]
[WhiteElo "1661"]
[BlackElo "1984"]
[WhiteClock "00:08:18"]
[BlackClock "00:08:27"]
[PlyCount "66"]
[WhiteFideId "16232917"]
[BlackFideId "12972355"]
[EventCountry "GER"]
[EventRounds "11"]
[EventType "swiss"]
[EventDate "2017.06.03"]

1. e4 {[%clk 1:15:51]} 1... e6 {[%clk 1:15:55]} 2. d4 {[%clk 1:16:16]} 2... d5
{[%clk 1:16:21]} 3. Nd2 {[%clk 1:16:34]} 3... Nf6 {[%clk 1:16:41]} 4. e5 {
[%clk 1:16:51]} 4... Nfd7 {[%clk 1:17:04]} 5. Bd3 {[%clk 1:16:58]} 5... c5 {
[%clk 1:17:19]} 6. c3 {[%clk 1:17:11]} 6... Nc6 {[%clk 1:17:44]} 7. Ne2 { [%clk
1:17:21]} 7... cxd4 {[%clk 1:18:05]} 8. cxd4 {[%clk 1:17:38]} 8... f6 { [%clk
1:18:17]} 9. exf6 {[%clk 1:17:18]} 9... Nxf6 {[%clk 1:18:24]} 10. Nf3 { [%clk
1:17:35]} 10... Bd6 {[%clk 1:18:33]} 11. O-O {[%clk 1:17:46]} 11... Qc7 { [%clk
1:18:30]} 12. Nc3 {[%clk 1:01:27]} 12... a6 {[%clk 1:18:18]} 13. Re1 { [%clk
1:00:39]} 13... O-O {[%clk 1:13:30]} 14. Bd2 {[%clk 0:50:06]} 14... Bd7 { [%clk
0:45:06]} 15. Rc1 {[%clk 0:46:16]} 15... Bf4 {[%clk 0:40:36]} 16. Bxf4 { [%clk
0:44:52]} 16... Qxf4 {[%clk 0:40:49]} 17. Ne2 {[%clk 0:45:03]} 17... Qd6 {[%clk
0:40:09]} 18. Ng3 {[%clk 0:44:31]} 18... g6 {[%clk 0:39:02]} 19. a3 { [%clk
0:38:09]} 19... Ne8 {[%clk 0:29:49]} 20. Ng5 {[%clk 0:23:19]} 20... Qf4 { [%clk
0:21:58]} 21. Nxh7 {[%clk 0:21:55]} 21... Kxh7 {[%clk 0:20:45]} 22. Qh5+ {[%clk
0:21:27]} 22... Qh6 {[%clk 0:20:58]} 23. Bxg6+ {[%clk 0:21:39]} 23... Kg7
{[%clk 0:21:13]} 24. Qg4 {[%clk 0:20:53]} 24... Qxg6 {[%clk 0:21:02]} 25. Qh4
{[%clk 0:17:34]} 25... Nf6 {[%clk 0:15:34]} 26. Re3 {[%clk 0:15:26]} 26... Qg4
{[%clk 0:13:30]} 27. Nh5+ {[%clk 0:12:13]} 27... Kh6 {[%clk 0:12:40]} 28. Qxf6+
{[%clk 0:09:33]} 28... Rxf6 {[%clk 0:13:01]} 29. Nxf6 {[%clk 0:09:58]} 29...
Qg7 {[%clk 0:10:22]} 30. Rh3+ {[%clk 0:08:25]} 30... Kg6 {[%clk 0:10:41]} 31.
Nh5 {[%clk 0:08:40]} 31... Qxd4 {[%clk 0:08:50]} 32. g3 {[%clk 0:07:58]} 32...
e5 {[%clk 0:08:27]} 33. Rh4 {[%clk 0:08:18]} 33... Qxh4 0-1

[Event "DEM U12 2017"]
[Site "Willingen GER"]
[Date "2017.06.07"]
[Round "7"]
[White "Morgenstern, Tobias"]
[Black "Weihrauch, Jakob"]
[Result "1-0"]
[Termination "normal"]
[Board "7"]
[WhiteElo "1418"]
[BlackElo "1965"]
[WhiteClock "00:52:35"]
[BlackClock "00:50:43"]
[PlyCount "34"]
[WhiteFideId "12974390"]
[BlackFideId "16210115"]
[EventCountry "GER"]
[EventRounds "11"]
[EventType "swiss"]
[EventDate "2017.06.03"]

1. e4 {[%clk 1:15:57]} 1... c5 {[%clk 1:15:50]} 2. Nf3 {[%clk 1:16:15]} 2... e6
{[%clk 1:16:05]} 3. d4 {[%clk 1:16:31]} 3... cxd4 {[%clk 1:16:30]} 4. Nxd4 {
[%clk 1:16:50]} 4... a6 {[%clk 1:16:54]} 5. Nc3 {[%clk 1:14:39]} 5... Qc7 {
[%clk 1:17:06]} 6. Be3 {[%clk 1:12:18]} 6... Nf6 {[%clk 1:16:54]} 7. g4 { [%clk
1:11:13]} 7... Bb4 {[%clk 1:17:03]} 8. Qd3 {[%clk 1:04:19]} 8... Nxe4 { [%clk
1:15:52]} 9. Nde2 {[%clk 1:02:29]} 9... d5 {[%clk 1:13:23]} 10. Bg2 { [%clk
1:01:02]} 10... Nxc3 {[%clk 1:13:21]} 11. Nxc3 {[%clk 1:01:24]} 11... Nd7
{[%clk 1:07:31]} 12. O-O {[%clk 0:59:17]} 12... h5 {[%clk 1:00:53]} 13. g5 {
[%clk 0:57:28]} 13... Ne5 {[%clk 0:54:51]} 14. Qd4 {[%clk 0:56:52]} 14... f6 {
[%clk 0:50:01]} 15. Qxb4 {[%clk 0:55:08]} 15... Ng4 {[%clk 0:50:23]} 16. Bf4 {
[%clk 0:53:10]} 16... e5 {[%clk 0:50:24]} 17. Nxd5 {[%clk 0:52:35]} 17... Qf7 {
[%clk 0:50:43]} 1-0

[Event "DEM U12 2017"]
[Site "Willingen GER"]
[Date "2017.06.07"]
[Round "7"]
[White "Evering, Sören"]
[Black "Tham, Nam"]
[Result "1-0"]
[Termination "normal"]
[Board "8"]
[WhiteElo "1718"]
[BlackElo "1762"]
[WhiteClock "00:08:48"]
[BlackClock "00:16:11"]
[PlyCount "109"]
[WhiteFideId "12974650"]
[BlackFideId "12997331"]
[EventCountry "GER"]
[EventRounds "11"]
[EventType "swiss"]
[EventDate "2017.06.03"]

1. e4 {[%clk 1:15:57]} 1... e5 {[%clk 1:15:46]} 2. Nf3 {[%clk 1:16:19]} 2...
Nc6 {[%clk 1:15:58]} 3. Bb5 {[%clk 1:16:39]} 3... a6 {[%clk 1:15:42]} 4. Ba4 {
[%clk 1:16:54]} 4... Nf6 {[%clk 1:15:54]} 5. O-O {[%clk 1:17:17]} 5... Be7 {
[%clk 1:16:17]} 6. Re1 {[%clk 1:17:40]} 6... b5 {[%clk 1:16:42]} 7. Bb3 { [%clk
1:18:05]} 7... O-O {[%clk 1:16:25]} 8. d4 {[%clk 1:18:23]} 8... d6 { [%clk
1:15:40]} 9. c3 {[%clk 1:16:11]} 9... Bg4 {[%clk 1:16:00]} 10. Be3 { [%clk
1:15:56]} 10... Na5 {[%clk 1:10:56]} 11. Bc2 {[%clk 1:16:07]} 11... Nc4 { [%clk
1:10:58]} 12. Bc1 {[%clk 1:13:14]} 12... c5 {[%clk 1:07:41]} 13. b3 { [%clk
1:10:56]} 13... Nb6 {[%clk 1:07:02]} 14. Be3 {[%clk 1:06:25]} 14... Qc7 { [%clk
1:07:09]} 15. Nbd2 {[%clk 1:06:16]} 15... c4 {[%clk 1:02:01]} 16. b4 { [%clk
1:04:35]} 16... Rfd8 {[%clk 1:00:27]} 17. h3 {[%clk 1:04:06]} 17... Be6 { [%clk
0:59:35]} 18. d5 {[%clk 1:03:48]} 18... Bd7 {[%clk 0:58:34]} 19. Nf1 { [%clk
1:03:06]} 19... h6 {[%clk 0:58:45]} 20. Ng3 {[%clk 1:02:54]} 20... Bf8 21. Nh2
21... Kh7 {[%clk 0:59:24]} 22. Qf3 {[%clk 1:00:16]} 22... Be8 { [%clk 0:56:52]}
23. Nf5 {[%clk 0:59:48]} 23... Nbd7 {[%clk 0:56:01]} 24. Ng4 24... Ng8 {[%clk
0:55:00]} 25. a4 {[%clk 0:52:22]} 25... g6 {[%clk 0:52:15]} 26. Ng3 {[%clk
0:51:35]} 26... Bg7 {[%clk 0:51:38]} 27. a5 {[%clk 0:49:34]} 27... Rdc8 {[%clk
0:51:17]} 28. h4 {[%clk 0:49:01]} 28... f6 {[%clk 0:47:58]} 29. Nh2 {[%clk
0:47:39]} 29... Nf8 {[%clk 0:47:37]} 30. Qe2 {[%clk 0:40:36]} 30... Bd7 {[%clk
0:37:47]} 31. Ngf1 {[%clk 0:28:01]} 31... Kh8 {[%clk 0:33:37]} 32. g4 {[%clk
0:26:16]} 32... g5 {[%clk 0:30:21]} 33. hxg5 {[%clk 0:24:56]} 33... fxg5 {[%clk
0:30:40]} 34. Ng3 {[%clk 0:25:02]} 34... Nh7 {[%clk 0:28:16]} 35. Kg2 {[%clk
0:24:29]} 35... Qd8 {[%clk 0:22:03]} 36. Rh1 {[%clk 0:23:52]} 36... Ngf6 {[%clk
0:21:38]} 37. Rag1 {[%clk 0:22:18]} 37... Kg8 {[%clk 0:20:54] } 38. Kf1 {[%clk
0:18:33]} 38... Kf7 {[%clk 0:20:06]} 39. Nf5 {[%clk 0:18:06]} 39... Ng8 {[%clk
0:20:09]} 40. Nxd6+ {[%clk 0:18:31]} 40... Ke7 {[%clk 0:20:26] } 41. Nxc8+
{[%clk 0:18:49]} 41... Bxc8 {[%clk 0:20:23]} 42. Bc5+ { [%clk 0:18:49]} 42...
Kf7 {[%clk 0:20:33]} 43. Ke1 {[%clk 0:14:10]} 43... Nhf6 {[%clk 0:20:27]} 44.
Nf1 {[%clk 0:13:46]} 44... Kg6 {[%clk 0:20:36]} 45. f3 { [%clk 0:13:47]} 45...
Kf7 {[%clk 0:19:37]} 46. Ne3 {[%clk 0:13:52]} 46... Kg6 { [%clk 0:19:32]} 47.
Nf5 {[%clk 0:13:11]} 47... Kf7 {[%clk 0:18:46]} 48. Qh2 { [%clk 0:12:48]} 48...
Ne8 {[%clk 0:18:03]} 49. Nxg7 {[%clk 0:11:52]} 49... Nxg7 {[%clk 0:15:57]} 50.
Qxe5 {[%clk 0:12:12]} 50... Bd7 {[%clk 0:16:11]} 51. Bd4 { [%clk 0:12:13]}
51... Ne8 {[%clk 0:16:20]} 52. Qh8 {[%clk 0:09:34]} 52... Bc8 { [%clk 0:15:40]}
53. Qh7+ {[%clk 0:09:42]} 53... Kf8 {[%clk 0:15:58]} 54. Bc5+ { [%clk 0:08:30]}
54... Nd6 {[%clk 0:16:11]} 55. e5 {[%clk 0:08:48]} 1-0